The Payment of Wages Act 1936 (Record no. 22089)
[ view plain ]
| 000 -LEADER | |
|---|---|
| fixed length control field | 00341nam a22001457a 4500 |
| 008 - FIXED-LENGTH DATA ELEMENTS--GENERAL INFORMATION | |
| fixed length control field | 260224b |||||||| |||| 00| 0 eng d |
| 020 ## - INTERNATIONAL STANDARD BOOK NUMBER | |
| ISBN | 978-93-4787537-3 |
| 100 ## - MAIN ENTRY--AUTHOR NAME | |
| Personal name | Bare Act |
| 245 ## - TITLE STATEMENT | |
| Title | The Payment of Wages Act 1936 |
| 260 ## - PUBLICATION, DISTRIBUTION, ETC. (IMPRINT) | |
| Place of publication | New Delhi |
| Name of publisher | CLP |
| Year of publication | 2026 |
| 300 ## - PHYSICAL DESCRIPTION | |
| Number of Pages | 96 |
| 650 ## - SUBJECT ADDED ENTRY--TOPICAL TERM | |
| Topical Term | Law |
| 942 ## - ADDED ENTRY ELEMENTS (KOHA) | |
| Source of classification or shelving scheme | Dewey Decimal Classification |
| Koha item type | Books |
| Accession Number | Cost, normal purchase price | Bill Date | Source of acquisition | Price effective from | Koha item type | Withdrawn / writtenoff status | Damaged status | Not for loan | Permanent Location | Current Location | Shelving location | Date acquired | Lost/ Missing status | department |
|---|---|---|---|---|---|---|---|---|---|---|---|---|---|---|
| LLB 1922 | 150.00 | 03-02-2026 | Radha Krishna Anand & Co, Jammu | 02/24/2026 | Books | MIET Library, Jammu | MIET Library, Jammu | 209/3 | 02/06/2026 | BBA LLB | ||||
| LLB 1923 | 150.00 | 03-02-2026 | Radha Krishna Anand & Co, Jammu | 02/24/2026 | Books | MIET Library, Jammu | MIET Library, Jammu | 209/3 | 02/06/2026 | BBA LLB | ||||
| LLB 1924 | 150.00 | 03-02-2026 | Radha Krishna Anand & Co, Jammu | 02/24/2026 | Books | MIET Library, Jammu | MIET Library, Jammu | 209/3 | 02/06/2026 | BBA LLB | ||||
| LLB 1925 | 150.00 | 03-02-2026 | Radha Krishna Anand & Co, Jammu | 02/24/2026 | Books | MIET Library, Jammu | MIET Library, Jammu | 209/3 | 02/06/2026 | BBA LLB | ||||
| LLB 1926 | 150.00 | 03-02-2026 | Radha Krishna Anand & Co, Jammu | 02/24/2026 | Books | MIET Library, Jammu | MIET Library, Jammu | 209/3 | 02/06/2026 | BBA LLB |